Strength of materials (Record no. 3182)

000 -LEADER
fixed length control field 00409nam a22001577a 4500
008 - FIXED-LENGTH DATA ELEMENTS--GENERAL INFORMATION
fixed length control field 200320b ||||| |||| 00| 0 eng d
082 00 - DEWEY DECIMAL CLASSIFICATION NUMBER
Classification number 620.1
Item number A565
100 ## - MAIN ENTRY--PERSONAL NAME
9 (RLIN) 1295
Personal name Andrews, Ewart S.
245 10 - TITLE STATEMENT
Title Strength of materials
250 ## - EDITION STATEMENT
Edition statement 2nd ed
260 ## - PUBLICATION, DISTRIBUTION, ETC. (IMPRINT)
Place of publication, distribution, etc London
Name of publisher, distributor, etc Chapman & Hall
Date of publication, distribution, etc 1953
300 ## - PHYSICAL DESCRIPTION
Extent x,608 p, ill
365 ## - TRADE PRICE
Unit of pricing 22.13
650 #0 - SUBJECT ADDED ENTRY--TOPICAL TERM
Topical term or geographic name as entry element Strength of Materials
942 ## - ADDED ENTRY ELEMENTS (KOHA)
Item type Books
Holdings
Withdrawn status Lost status Source of classification or shelving scheme Damaged status Not for loan Permanent location Current location Date acquired Source of acquisition Full call number Barcode Date last seen Koha item type
          IMU Kolkata IMU Kolkata 1957-05-28 A. H. Wheeler 620.1 A565 02309 2020-03-20 Books
  Lost       IMU Kolkata IMU Kolkata 1957-05-28 A. H. Wheeler 620.1 A565 02310 2020-08-03 Books
Designed and Maintained by IMU-KC Library, Kolkata Campus © Copyright All Rights Reserved

webs counters

Powered by Koha